Atlas de los arrecifes coralinos del caribe colombiano : (Registro nro. 87)

Detalles MARC
000 -CABECERA
Campo de control 00901cam a2200229 i 4500
005 - FECHA Y HORA DE LA ULTIMA TRANSACCION
Campo de control 20170323020002.0
008 - ELEMENTOS DE LONGITUD FIJA—INFORMACION GENERAL
Campo de control 970716m1996 ck ab b 000 0 spa
020 ## - ISBN
ISBN 9589595030
040 ## - FUENTE DE CATALOGACIÓN
Agencia catalogadora original DLC
Agencia transcriptora DLC
Agencia Modificadora DLC
-- CO-BoIAVH
041 0# - IDIOMA
Código de idioma para texto/pista de sonido o título separado Español
043 ## - GEOGRAPHIC AREA CODE
Geographic area code s-ck---
082 04 - NUMERO DE CLASIFICACION DECIMAL DEWEY
Número de clasificación 591.7789
Número del ítem D54a
100 1# - ASIENTO PRINCIPAL--NOMBRE PERSONAL
Nombre personal Díaz M., Juan Manuel
9 (RLIN) 3755
245 10 - MENCION DE TITULO
Título Atlas de los arrecifes coralinos del caribe colombiano :
Parte restante del título Complejos arrecifales oceánicos /
Mención de responsabilidad Juan Manuel Díaz M. y (otros cinco autores).
260 ## - PUBLICACION, DISTRIBUCION, ETC. (PIE DE IMPRENTA)
Lugar de publicación, distribución, etc. Santa Marta :
Nombre del editor, distribuidor, etc. Instituto de Investigaciones Marinas y Costeras "José B. Vives de Andreis", INVEMAR,
Fecha de publicación, distribución, etc. 1996.
300 ## - DESCRIPCION FISICA
Extensión 83 págginas :
Otros detalles físicos ilustraciones y mapas ;
Dimensiones 28 cm.
490 00 - MENCION DE SERIE
Mención de serie Serie Publicaciones especiales ;
Designación numérica/secuencial del volumen 2
504 ## - NOTA DE BIBLIOGRAFIA, ETC.
Nota de bibliografía Juan Manuel
650 14 - ASIENTO SECUNDARIO DE MATERIA - TERMINO TEMATICO
Término temático o nombre geográfico como elemento de entrada Arrecifes madrepóricos
Subdivisión geográfica Colombia
9 (RLIN) 60358
650 24 - ASIENTO SECUNDARIO DE MATERIA - TERMINO TEMATICO
Término temático o nombre geográfico como elemento de entrada Ecología de arrecifes madrepóricos
Subdivisión geográfica Colombia
9 (RLIN) 60359
942 ## - ELEMENTOS ADICIONALES (KOHA)
Sistema de clasificación Dewey Decimal Classification
Tipo de ítem Libro
Koha issues (borrowed), all copies 1
Existencias
Withdrawn status Lost status Sistema de Clasificación Damaged status No para préstamo Colección Inventariado Ubicación Permanente Ubicación actual Fecha de adquisición Fuente de Valor Valor Total Checkouts Número topográfico Inventario / Código de Barras Date last seen Date checked out Ejemplar Price effective from Forma de adquisición Tipo de material
    Dewey Decimal Classification     General Inventariado 2017 Bogotá Bogotá 17/12/1997 Instituto 39000.00 1 LB-591.7789 D54a 000103 22/03/2017 22/03/2017 Ej. 1 04/12/2012 Donación Libro
    Dewey Decimal Classification     General Inventariado 2017 Bogotá Bogotá 10/12/2002 Instituto 39000.00   LB-591.7789 D54a 000104 04/12/2012   Ej. 2 04/12/2012   Libro
    Dewey Decimal Classification     General Inventariado 2017 Sala Fabio Quevedo Sala Fabio Quevedo 17/12/1997 Instituto 39000.00   LB-591.7789 D54a 001302 04/12/2012   Ej. 3 04/12/2012   Libro